Science Quiz

Random Science or Animal Quiz

Dinosaur by Skeleton Quiz Stats

 Plays Quiz Updated Apr 4, 2020

Support Sporcle.
Go Orange.
Score 0/16 Timer 07:00
3 Plays Today
Hint Answer % Correct
Tyrannosaurus
98.9%
Triceratops
87.6%
Stegosaurus
81.4%
Velociraptor
78.6%
Spinosaurus
57%
Brachiosaurus
56.5%
Allosaurus
53.8%
Diplodocus
53.7%
Hint Answer % Correct
Euoplocephalus
48%
Apatosaurus
41.4%
Iguanodon
37.1%
Pachycephalosaurus
31.9%
Ceratosaurus
21.3%
Troodon
17.4%
Edmontosaurus
17.2%
Plateosaurus
14.2%

From the Vault

Categorize This!: Music

by Purple_Parrot

Music 3m
Let Sporcle help you organize your music collection.
Remove Ads.
Support Sporcle.
Get the best of Sporcle when you Go Orange. This ad-free experience offers more features, more stats, and more fun while also helping to support Sporcle. Thank you for becoming a member.

Show Comments

Extras

Top Quizzes Today


Score Distribution

Your Account Isn't Verified!

In order to create a playlist on Sporcle, you need to verify the email address you used during registration. Go to your Sporcle Settings to finish the process.

Report this User

Report this user for behavior that violates our Community Guidelines.

Details: